Marks and Monograms on European and Oriental Pottery and Porcelain with historical notices of each manufactory oven 5000 potters'marks and illustrations / (Record no. 50637)

MARC details
000 -LEADER
campo de control de longitud fija 00822nam a2200205 i 4500
001 - NÚMERO DE CONTROL
campo de control 50637
003 - IDENTIFICADOR DE NÚMERO DE CONTROL
campo de control ES-MaACL
005 - FECHA Y HORA DE LA ÚLTIMA TRANSACCIÓN
campo de control 20230906162219.0
007 - CAMPO FIJO DE DESCRIPCIÓN FÍSICA--INFORMACIÓN GENERAL
campo de control de longitud fija t|
008 - DATOS DE LONGITUD FIJA--INFORMACIÓN GENERAL
campo de control de longitud fija 030805s1912 xxk ||||1| eng d
100 1# - ENTRADA PRINCIPAL--NOMBRE DE PERSONA
Nombre de persona Chaffers, William.
9 (RLIN) 37783
245 10 - MENCIÓN DEL TÍTULO
Título Marks and Monograms on European and Oriental Pottery and Porcelain with historical notices of each manufactory oven 5000 potters'marks and illustrations /
Mención de responsabilidad, etc. by William Chaffers ; "The New Chaffers," edited by Frederick Litchfield ; assested by R. L. Hobson and Justus Brinckmann.
260 ## - PUBLICACIÓN, DISTRIBUCIÓN, ETC.
Lugar de publicación, distribución, etc. London :
Nombre del editor, distribuidor, etc. [s.n.],
Fecha de publicación, distribución, etc. 1912 (
Fabricante Ballantyne Cº)
300 ## - DESCRIPCIÓN FÍSICA
Extensión XXIII, 1079 p. ;
Dimensiones 27 cm.
700 1# - ENTRADA AGREGADA--NOMBRE PERSONAL
Nombre de persona Litchfield, Frederick.
9 (RLIN) 72567
700 1# - ENTRADA AGREGADA--NOMBRE PERSONAL
Nombre de persona Hobson, R.L.
9 (RLIN) 63865
700 1# - ENTRADA AGREGADA--NOMBRE PERSONAL
Nombre de persona Brinkmann, Justus.
9 (RLIN) 31760
740 4# - ENTRADA AGREGADA--TÍTULO RELACIONADO/ANALÍTICO NO CONTROLADO
Título relacionado o analítico no controlado The new Chaffers.
852 ## - LOCALIZACIÓN
Ubicación ES-MaACL
Número de control de estantería G-926
Holdings
Estatus retirado Estado de pérdida Estado de daño No para préstamo Biblioteca de origen Biblioteca actual Ubicación en estantería Fecha de adquisición Fuente de adquisición Total de préstamos Signatura topográfica completa Código de barras Visto por última vez Precio de reemplazo Tipo de ítem Koha
        Biblioteca del Ateneo de Madrid Biblioteca del Ateneo de Madrid Depósito 2 17/01/2008     G-926 1053259 23/02/2023 23/02/2023 Libro impreso